The bow in the cloudes : (Record no. 627)
[ view plain ]
| 000 -LEADER | |
|---|---|
| fixed length control field | 00533cam a22001812 4500 |
| 001 - CONTROL NUMBER | |
| control field | 0000000703 |
| 005 - DATE AND TIME OF LATEST TRANSACTION | |
| control field | 20170406112818.0 |
| 008 - FIXED-LENGTH DATA ELEMENTS--GENERAL INFORMATION | |
| fixed length control field | 131118s xx 000 0 eng d |
| 020 ## - INTERNATIONAL STANDARD BOOK NUMBER | |
| Terms of availability | $ |
| 040 ## - CATALOGING SOURCE | |
| Original cataloging agency | Your Holding Symbol |
| Transcribing agency | Your Holding Symbol |
| 100 1# - MAIN ENTRY--PERSONAL NAME | |
| Personal name | Berringan,S.J Daniel. |
| 245 14 - TITLE STATEMENT | |
| Title | The bow in the cloudes : |
| Remainder of title | men's convenant with gog / |
| Statement of responsibility, etc. | Daniel, Berrigan S.J. |
| 250 ## - EDITION STATEMENT | |
| Edition statement | ed. |
| 260 ## - PUBLICATION, DISTRIBUTION, ETC. | |
| Place of publication, distribution, etc. | New york : |
| Name of publisher, distributor, etc. | Goward-McCann, |
| Date of publication, distribution, etc. | 1961. |
| 300 ## - PHYSICAL DESCRIPTION | |
| Extent | 220p. ; |
| Dimensions | cm. |
| 650 #0 - SUBJECT ADDED ENTRY--TOPICAL TERM | |
| Topical term or geographic name entry element | theology. |
| 908 ## - PUT COMMAND PARAMETER (RLIN) | |
| Put command parameter | 131118 |
| Withdrawn status | Lost status | Source of classification or shelving scheme | Damaged status | Not for loan | Home library | Current library | Shelving location | Date acquired | Total Checkouts | Full call number | Barcode | Date last seen | Price effective from | Koha item type |
|---|---|---|---|---|---|---|---|---|---|---|---|---|---|---|
| CUZ Harare Campus | CUZ Harare Campus | Open Shelf | 06.04.2017 | BT 155.B44 | BK0000744 | 22.05.2025 | 06.04.2017 | OS Book |